ბათუმის შოთა რუსთაველის სახელმწიფო უნივერსიტეტის ბიბლიოთეკა

ნავთობისა და გაზის დაგროვების ძებნა–ძიების თეორიული საფუძვლები და მეთოდები. (ბიბ.ჩანაწერი № 35728)

000 -LEADER
fixed length control field 00971nam a2200253Ia 4500
001 - CONTROL NUMBER
control field 1603
003 - CONTROL NUMBER IDENTIFIER
control field GE_BSU
008 - FIXED-LENGTH DATA ELEMENTS--GENERAL INFORMATION
fixed length control field 181216s||||||||xx |||||||||||||| ||und||
020 ## - INTERNATIONAL STANDARD BOOK NUMBER
International Standard Book Number 5505020712
040 ## - CATALOGING SOURCE
Transcribing agency GE_BSU
080 ## - UNIVERSAL DECIMAL CLASSIFICATION NUMBER
Universal Decimal Classification number 553.98(075.8)
100 ## - MAIN ENTRY--PERSONAL NAME
Personal name ზირაქაძე,მ. სანაძე,გ.
245 ## - TITLE STATEMENT
Title ნავთობისა და გაზის დაგროვების ძებნა–ძიების თეორიული საფუძვლები და მეთოდები.
245 ## - TITLE STATEMENT
Remainder of title სახელმძღვ.
245 ## - TITLE STATEMENT
Statement of responsibility, etc. რედ.ნ.გოგუაძე.
260 ## - PUBLICATION, DISTRIBUTION, ETC.
Place of publication, distribution, etc. თბ.
260 ## - PUBLICATION, DISTRIBUTION, ETC.
Name of publisher, distributor, etc. განათლება.
260 ## - PUBLICATION, DISTRIBUTION, ETC.
Date of publication, distribution, etc. 1998.
300 ## - PHYSICAL DESCRIPTION
Extent 240გვ;20 სმ;
300 ## - PHYSICAL DESCRIPTION
Accompanying material ბიბლიოგრ.:გვ.231-235.
653 ## - INDEX TERM--UNCONTROLLED
Uncontrolled term ნავთობის და გაზის დაგროვება ძებნა–ძიება.
942 ## - ADDED ENTRY ELEMENTS (KOHA)
Koha item type წიგნი
ეგზემპლარები
Withdrawn status Lost status Damaged status Not for loan Date acquired Barcode Date last seen Price effective from Koha item type
        2018-12-17 3068 2018-12-17 2018-12-17 წიგნი